000 00403nam a2200145 4500
999 _c787
_d787
008 191218b ||||| |||| 00| 0 eng d
082 0 0 _a808.0666
_bK177
100 _9314
_aKapp, Reginald O.
245 1 0 _aThe Presentation of Technical Information
_cby Reginald O Kapp
250 _a1st ed.
260 _aLondon
_bConstable
_c1949
300 _axi, 147 p.
650 0 _aTechnology Language
942 _2ddc
_cBK